000 01555nam0a2200289 4500
001 RU\NLR\bibl\831583
005 20250614141816.0
010 _a5-93802-040-9
_95000
021 _aRU
_b2005-38191
_91898
035 _a(NLR Aleph) 000820452
090 _a1297773
_c1297773
100 _a20050816d2005 |||y0rusy50 ca
101 0 _arus
102 _aRU
105 _ay |||||||||
200 1 _aКак подготовить и провести комплексное учение на объекте
_eучебное пособие для подготовки руководящего и командно-начальствующего состава предприятий, организаций, учреждений и учебных заведений, преподавателей БЖ и ОБЖ, учебно-методических центров и курсов ГО, работников органов управления ГОЧС
_f[сост.- К.В. Белянин и др.]
210 _aМосква
_cИЦ-Редакция "Военные знания"
_d2005
215 _a104 с.
_d20
225 1 _aБиблиотечка "Военные знания"
606 0 _aГражданская оборона
_jУчебные издания
_xУчения
_yРоссийская Федерация
_92090455
_3RU\NLR\auth\661265317
686 _aЦ69,6(2Р)0-332.036я7
702 1 _aБелянин
_bК. В.
_4220
801 0 _aRU
_bNLR
_c20050816
_grcr
801 1 _aRU
_bNLR
_c20050816
942 _cBOOK
980 _aNB